000 01026nam a2200277Ia 4500
003 OSt
005 20221005110744.0
006 a|||||r|||| 00| 0
007 ta
008 221004b |||||||| |||| 00| 0 hin d
020 _a9788126727174 (hbk)
_cINR 600.00
024 _a37084
037 _b2415, 14/03/2018, Kiran Book Service
_cTextual
040 _aCRL
_cCRL
_bhin
041 _2hin
_ahin
082 _aO152,1N27:g, Q5
100 _aचतुर्वेदी, पंकज, ले.
245 0 _aजीने का उदात्त आशय
246 _aJīne kā udātta āshaya
260 _aनई दिल्ली
_bराजकमल प्रकाशन भारत
_c2015
300 _a251पृ0
_ccm.
650 _a हिन्दी साहित्य
650 _aहिन्दी कविता
942 _hO152,1N27:g, Q5
_cTEXL
_2cc
999 _c1019785
_d1019785